Music Quiz

Random Music or Clip Quiz

Original Song or Weird Al Parody? Quiz Stats

 Plays Quiz not verified by Sporcle

Challenge
Share
Tweet
Score 0/22 Timer 10:00
0 Plays Today
Time (O)riginal or (P)arody? % Correct
0:49 - 1:05???
89.6%
1:06 - 1:21???
80.7%
3:58 - 4:12???
80.2%
2:25 - 2:36???
77.1%
3:42 - 3:57???
77.1%
1:35 - 1:51???
74%
3:26 - 3:41???
70.8%
2:54 - 3:10???
70.3%
2:04 - 2:14???
69.3%
2:37 - 2:53???
69.3%
4:48 - 5:02???
67.2%
Time (O)riginal or (P)arody? % Correct
0:15 - 0:29???
66.7%
0:30 - 0:48???
66.7%
0:00 - 0:14???
64.1%
1:22 - 1:34???
62.5%
1:52 - 2:03???
60.4%
5:03 - 5:19???
55.7%
3:11 - 3:25???
53.6%
5:20 - 5:30???
51%
2:15 - 2:24???
49%
4:13 - 4:29???
47.9%
4:30 - 4:47???
45.3%

You're not logged in!

Compare scores with friends on all Sporcle quizzes.
OR
Log In

You Might Also Like...

Show Comments

Extras

Top Quizzes Today


Score Distribution

Your Account Isn't Verified!

In order to create a playlist on Sporcle, you need to verify the email address you used during registration. Go to your Sporcle Settings to finish the process.

Report this User

Report this user for behavior that violates our Community Guidelines.

Details: